| 000 | 01120nam a2200325Ia 4500 | ||
|---|---|---|---|
| 001 | Para_9284 | ||
| 003 | CHAP | ||
| 008 | 220125s2007 xx 000 0 und d | ||
| 010 | _a208022 | ||
| 040 | _cCHAP | ||
| 090 | _aTESIS 2069 | ||
| 100 |
_aLoera Alvarado, Esperanza _967439 |
||
| 245 |
_aControl químico e identificación de trips en gladiola (Gladiolus glandiflorus Hort.) en Oacalco, Municipio de Yautepec, Morelos / _c por Esperanza Loera Alvarado |
||
| 260 |
_aChapingo, Méx. : _b el autor |
||
| 300 | _a77 h. | ||
| 502 | _aTesis (M.C. Protección Vegetal) UACh. Departamento Parasitología Agrícola | ||
| 650 |
_aControl biológico de insectos _927582 |
||
| 650 |
_aGladiolas _x plagas _948234 |
||
| 650 |
_aInsecticidas _x pruebas _958878 |
||
| 650 |
_aInsectos _x resistencia a insecticidas _958941 |
||
| 650 |
_aTrips _9164497 |
||
| 710 |
_aUACh. Departamento Parasitología Agrícola _9164025 |
||
| 901 | _aTESIS 2069 | ||
| 902 | _aM | ||
| 905 | _a0000002007 amn 0000000000 00 | ||
| 910 | _a2007 | ||
| 942 | _cPARA | ||
| 942 |
_cPARA _d2 |
||
| 999 |
_c208022 _d208022 |
||